Kudpal bhuta (Record no. 122262)
[ view plain ]
| 000 -LEADER | |
|---|---|
| fixed length control field | 03117nam a2200241Ia 4500 |
| 003 - CONTROL NUMBER IDENTIFIER | |
| control field | OSt |
| 005 - DATE AND TIME OF LATEST TRANSACTION | |
| control field | 20251113120917.0 |
| 008 - FIXED-LENGTH DATA ELEMENTS--GENERAL INFORMATION | |
| fixed length control field | 210210b2017 xxu||||| |||| 00| 0 eng d |
| 020 ## - INTERNATIONAL STANDARD BOOK NUMBER | |
| International Standard Book Number | 9789387192065 |
| 040 ## - CATALOGING SOURCE | |
| Transcribing agency | AL |
| 041 ## - LANGUAGE CODE | |
| Language code of text/sound track or separate title | Kannada |
| 082 ## - DEWEY DECIMAL CLASSIFICATION NUMBER | |
| Classification number | K894.3 ANUK |
| 100 ## - MAIN ENTRY--PERSONAL NAME | |
| Personal name | ANU BELLE |
| Dates associated with a name | ಅನು ಬೆಳ್ಳೆ |
| 9 (RLIN) | 245392 |
| 245 ## - TITLE STATEMENT | |
| Title | Kudpal bhuta |
| Remainder of title | ಕುಡ್ಪಲ್ ಭೂತ |
| 260 ## - PUBLICATION, DISTRIBUTION, ETC. | |
| Place of publication, distribution, etc. | Bengaluru |
| Name of publisher, distributor, etc. | Ankita Pustaka |
| Date of publication, distribution, etc. | 2017 |
| 300 ## - PHYSICAL DESCRIPTION | |
| Extent | 181 |
| 520 ## - SUMMARY, ETC. | |
| Summary, etc. | ಲೇಖಕರಾದ ಅನುಬೆಳ್ಳೆ (ರಾಘವೇಂದ್ರ ಬಿ. ರಾವ್) ಅವರ ಕಾದಂಬರಿ ’ಕುಡ್ಪಲ್ ಭೂತ’.<br/><br/>ಈ ಕಾದಂಬರಿಯು ಪತ್ತೇದಾರಿ ಕಾದಂಬರಿಯ ಶೈಲಿಯಲ್ಲಿ ಸಾಗುತ್ತಾ ವರದಿಯನ್ನು ಹುಟ್ಟುಹಾಕುವ ರೀತಿಯಲ್ಲಿ ಇತಿಹಾಸವನ್ನು ದಾಖಲಿಸುತ್ತಾ ಹೋಗುತ್ತದೆ. <br/><br/>ಬ್ರಿಟಿಷ್ ಕಾಲದಲ್ಲಿದ್ದ ಕೊತ್ತಣ್ಣ ಎಂಬುವವನ ಅಂಗಡಿಯನ್ನು ತೆರೆಯುವ ನೆನಪಿನಲ್ಲಿ ಆ ಊರಿನ ಕೊತ್ತಣ್ಣನ ಅಂಗಡಿ ಕೊನೆಗೆ ಕೊತ್ತಂಗಡಿ ಆಯಿತೆಂಬುದರ ಪ್ರತೀತಿಯನ್ನು ಹೇಳುತ್ತಾ ಸಾಗುವ ಕಾದಂಬರಿಯ ಕಥಾ ವಸ್ತು ಆರಂಭವಾಗುತ್ತದೆ. ’ಕುಡ್ಪಲ್ ಭೂತ’ವನ್ನು ಸೃಷ್ಟಿಸುತ್ತಾ, ಹುಡುಕುತ್ತಾ, ಕೊತ್ತಂಗಡಿಯಲ್ಲಿ ಎಲ್ಲರೂ ಭೂತಗಳೇ’ ಎಂಬ ನಿರ್ಣಯಕ್ಕೆ ತಂದೊಡ್ಡುವ ಕಾದಂಬರಿ ಒಂದು ರೀತಿಯ ಸಾಮಾಜಿಕ ವ್ಯವಸ್ಥೆಯನ್ನು , ಮತ್ತು ರಾಜಕೀಯ ವ್ಯವಸ್ಥೆಯನ್ನು , ಸಮಕಾಲೀನ ಸಾಮಾಜಿಕ ಪರಿಸ್ಥಿಯನ್ನೂ ಸೂಕ್ಷ್ಮವಾಗಿ ತಿಳಿಸುತ್ತದೆ.<br/><br/>ಒಂದು ಹಳ್ಳಿಯ ಜೀವನ ಚಿತ್ರಣದ ಜೊತೆಗೆ ಅಲ್ಲಿಯ ಜನರ ಮುಗ್ದತೆ, ಸಾಂಸ್ಕೃತಿಕ ಚೆಲುವು , ನಡೆ-ನುಡಿಗಳನ್ನು ದಾಖಲಿಸುವ ಪ್ರಯತ್ನವನ್ನು ಈ ಕಾದಂಬರಿಯಲ್ಲಿ ಮಾಡಲಾಗಿದೆ. ಬಹಳಷ್ಟು ಆಪ್ತವೆನಿಸುವ ಸನ್ನಿವೇಶಗಳು, ನಂಬಿಕೆಗಳು, ಶ್ರದ್ಧೆಗಳು ಪಾತ್ರಗಳ ಮೂಲಕ ಕಂಡುಕೊಳ್ಳುವ ರೀತಿಯಲ್ಲಿ ಮುಂದುವರೆಯುತ್ತದೆ. ಕುತೂಹಲವೊಂದನ್ನೇ ಪ್ರಧಾನವಾಗಿರಿಸದೇ, ಹಳ್ಳಿ ಬದುಕಿನ ಬವಣೆಯನ್ನೂ ಕಾದಂಬರಿ ಬಿತ್ತರಿಸುತ್ತದೆ. |
| 650 ## - SUBJECT ADDED ENTRY--TOPICAL TERM | |
| Topical term or geographic name entry element | Kudpal |
| 9 (RLIN) | 245393 |
| 650 ## - SUBJECT ADDED ENTRY--TOPICAL TERM | |
| Topical term or geographic name entry element | bhuta |
| 9 (RLIN) | 245394 |
| 690 ## - LOCAL SUBJECT ADDED ENTRY--TOPICAL TERM (OCLC, RLIN) | |
| Topical term or geographic name as entry element | Kannada Fiction |
| 9 (RLIN) | 245395 |
| 906 ## - LOCAL DATA ELEMENT F, LDF (RLIN) | |
| a | 072388 |
| 942 ## - ADDED ENTRY ELEMENTS (KOHA) | |
| Source of classification or shelving scheme | Dewey Decimal Classification |
| Koha item type | Book |
| Withdrawn status | Lost status | Source of classification or shelving scheme | Damaged status | Not for loan | Collection code | Home library | Current library | Shelving location | Date acquired | Source of acquisition | Cost, normal purchase price | Total Checkouts | Full call number | Barcode | Date last seen | Price effective from | Koha item type |
|---|---|---|---|---|---|---|---|---|---|---|---|---|---|---|---|---|---|
| Dewey Decimal Classification | Kannada | St Aloysius Library | St Aloysius Library | 02/17/2021 | Navakarnataka Publication Pvt Ltd Mangalore | 150.00 | K894.3 ANUK | 072388 | 02/17/2021 | 02/17/2021 | Book |